Acquisti più costosi - Paris Saint-Germain - Statistics

Statistiche generali
  • Questo quiz è stato fatto 88 volte
  • Il punteggio medio è 12 su 21
Statistiche sulle risposte
Costo (M €) Da Nazione Anno Calciatore % Corretto
180 Monaco Francia 2018 Kylian Mbappé
100%
64,50 Napoli Uruguay 2013 Edinson Cavani
99%
222 Barcellona Brasile 2017 Neymar
99%
68 Inter Marocco 2021 Achraf Hakimi
96%
63 Manchester United Argentina 2015 Ángel Di María
85%
42 Milan Brasile 2012 Thiago Silva
83%
50 Inter Argentina 2020 Mauro Icardi
79%
42 Palermo Argentina 2011 Javier Pastore
77%
30 Napoli Argentina 2012 Ezequiel Lavezzi
69%
31,40 Roma Brasile 2013 Marquinhos
65%
49,50 Chelsea Brasile 2014 David Luiz
64%
36 Wolfsburg Germania 2017 Julian Draxler
64%
41,50 Porto Portogallo 2022 Vitinha
51%
38 Sporting Lisbona Portogallo 2022 Nuno Mendes
43%
40 Zenit Argentina 2019 Leandro Paredes
41%
30 Everton Senegal 2019 Idrissa Gueye
32%
32 Borussia Dortmund Francia/Senegal 2019 Abdou Diallo
19%
40 San Paolo Brasile 2013 Lucas Moura
19%
37 Schalke 04 Germania 2018 Thilo Kehrer
19%
34,50 Real Madrid Francia 2000 Nicolas Anelka
13%
30 Benfica Portogallo 2017 Gonçalo Guedes
12%
Nessun quiz corrispondente trovato
Distribuzione punteggi
Percentuale di utenti per punteggio
Percentile per numero di risposta
I tuoi punteggi nel tempo
Non hai fatto questo quiz